000 00811nam a2200241 a 4500
001 000008568
003 DO-SdBNP
005 20250621074005.0
007 ta
008 090917s1986 dr a 000 0 spa d
040 _aDO-SdBNP
_bspa
_cBNPHU
082 4 _a320.97293
_bB641d
_222
100 1 _aJorge Blanco, Salvador,
_d1926-2010
_930551
245 1 0 _aDiscursos :
_b1983-1984 /
_cSalvador Jorge Blanco.
260 _aSanto Domingo :
_bFotomecánica Cipriano,
_c1986.
300 _a399 p. :
_bil. ;
_c21 cm.
590 _aInventariado, 2018/ YL
650 4 _aRepública dominicana
_xPresidente(1982-1986: salvador jorge blanco)
_922963
650 4 _aDiscursos presidenciales
_910061
651 0 _aRepública Dominicana
_xPolítica y gobierno
_945
910 _aValidado. Control de calidad EMS
942 _2ddc
_cLBS1
999 _c8338
_d8338